000 00628nam a2200229Ia 4500
003 OSt
005 20220926045105.0
006 a|||||r|||| 00| 0
007 ta
008 220923b |||||||| |||| 00| 0 eng d
037 _cGeneral Book
040 _aRTL
_cRTL
_beng
041 _2eng
_aeng
082 _aV73:255, J9
100 _aBurdick Eugene
_956429
245 0 _aAmerican voting behavior
260 _c1959
650 _aConstitution United States
_9240337
700 _a Brodbeck Arthur J Ed.
942 _hV73:255, J9
_cGB
_2CC
999 _c676666
_d676666